LEADER 04058nam 2200637 450 001 9910433256003321 005 20180731043955.0 010 $a2-7592-3136-4 010 $a2-7592-2470-8 035 $a(CKB)3710000000722644 035 $a(EBL)4539845 035 $a(OCoLC)951594830 035 $a(MiAaPQ)EBC4539845 035 $a(WaSeSS)IndRDA00075430 035 $a(FrMaCLE)OB-quae-26482 035 $a(oapen)https://directory.doabooks.org/handle/20.500.12854/86890 035 $a(PPN)269874585 035 $a(EXLCZ)993710000000722644 100 $a20160621h20162016 uy 0 101 0 $afre 135 $aur|n|---||||| 181 $2rdacontent 182 $2rdamedia 183 $2rdacarrier 200 04$aLes services e?cosyste?miques $eRepenser les relations nature et socie?te? /$fPhilippe Me?ral, Denis Pesche, coordinateurs 210 $aVersailles$cÉditions Quæ$d2016 210 1$a[Place of publication not identified] :$cE?ditions Quae,$d2016. 210 4$d©2016 215 $a1 online resource (305 p.) 225 0 $aNature et socie?te?,$x2267-702X 300 $aDescription based upon print version of record. 311 $a2-7592-2469-4 320 $aIncludes bibliographical references. 330 $aLa notion de service écosystémique, médiatisée à la suite de la consultation d?experts internationaux connue sous le nom de Millennium Ecosystem Assessment, inonde les débats sur la biodiversité. L?émergence des services écosystémiques, définis comme les bénéfices que les humains retirent des écosystèmes, marque l?entrée en politique d?une nouvelle approche en matière de conservation de la biodiversité, basée sur l?analyse de nos dépendances vis-à-vis du bon fonctionnement des écosystèmes. Le terme, devenu incontournable, fait l?objet d?un engouement impressionnant, souvent associé à l?idée d?une rémunération pour la conservation des services écosystémiques. Mais il n?y a pas encore de consensus sur la notion. Les scientifiques se mobilisent pour l?analyser, en expliquer l?origine et discuter de sa mise en pratique dans les politiques. À partir d?un programme de recherche de cinq années, les auteurs de cet ouvrage éclairent ces débats. Leurs questions sont pragmatiques : de quoi parlons-nous lorsqu?on évoque les services écosystémiques ? Quelles sont les racines écologiques et économiques de cette notion ? Quelles sont les zones d?ombre, les débats, les controverses mais également les zones d?avancée conceptuelle et politique permises par cette notion ? Comment s?incarne-t-elle dans de nouveaux instruments d?action publique ou, au contraire, contribue-t-elle à reconfigurer des instruments déjà existants ? Pour conforter leurs propos, les auteurs analysent des expériences menées en France, au Costa Rica, à Madagascar, au Brésil et au Cambodge. L?objectif est de rendre compte de la diversité des opinions et des stratégies autour des services écosystémiques, d?en comprendre les conséquences en termes de politique et d?action publique. Écrit par un collectif de chercheurs, cet ouvrage s?adresse à la communauté scientifique et aux universitaires, enseignants ou étudiants des cursus liés aux questions environnementales. 410 0$aNature et socie?te? 606 $aBiodiversity conservation$zUnited States 606 $aEnvironmental management$zUnited States 610 $aenvironnement 610 $abiodiversité 610 $aéconomie 610 $adéveloppement durable 610 $abois 610 $apolitique publique 615 0$aBiodiversity conservation 615 0$aEnvironmental management 676 $a333.95160973 700 $aMéral$b Philippe$4edt$01312061 702 $aMe?ral$b Philippe 702 $aPesche$b Denis 801 0$bMiAaPQ 801 1$bMiAaPQ 801 2$bMiAaPQ 906 $aBOOK 912 $a9910433256003321 996 $aLes services e?cosyste?miques$93360762 997 $aUNINA LEADER 02496nam 2200577Ia 450 001 9910783095903321 005 20230721021248.0 010 $a1-84150-300-2 035 $a(CKB)1000000000748059 035 $a(EBL)435034 035 $a(OCoLC)646810256 035 $a(SSID)ssj0000179994 035 $a(PQKBManifestationID)11178136 035 $a(PQKBTitleCode)TC0000179994 035 $a(PQKBWorkID)10148385 035 $a(PQKB)11298912 035 $a(MiAaPQ)EBC435034 035 $a(Au-PeEL)EBL435034 035 $a(CaPaEBR)ebr10288758 035 $a(CaONFJC)MIL884588 035 $a(EXLCZ)991000000000748059 100 $a20090612d2009 uy 0 101 0 $aeng 135 $aur|n|---||||| 181 $ctxt 182 $cc 183 $acr 200 10$aInspiring writing in art and design$b[electronic resource] $etaking a line for a write /$fPat Francis 210 $aBristol, UK. ;$aChicago, Ill. $cIntellect Books $cUniversity of Chicago Press$d2009 215 $a1 online resource (298 p.) 300 $aDescription based upon print version of record. 311 $a1-84150-256-1 320 $aIncludes bibliographical references (p. 279-286) and index. 327 $aFront Cover; Preliminary Pages; Contents; Acknowledgements; Resume of the Book; Introduction; 1 Principles; 2 Practicals; 3 Examples; Appendix; Bibliography; Back Cover 330 $aArt and design students today face a wide range of writing tasks - from reflective and self-promotional pieces to reviews, essays and dissertations. This book is an answer to art and design students and staff, disheartened by negative past experiences, who say that they loathe writing, and encourages different approaches to writing - integrating it into studio practice, and promoting the notion of 'warm up' preparations.This very practical volume, written for tutors and students, nurtures writing's creative role in the process of art and design. It uses short exercises and creative writing tec 606 $aCreativity in literature 606 $aAuthorship$xPhilosophy 606 $aLiterature 615 0$aCreativity in literature. 615 0$aAuthorship$xPhilosophy. 615 0$aLiterature. 676 $a808.04207 676 $a808.0667 700 $aFrancis$b Pat$01520345 801 0$bMiAaPQ 801 1$bMiAaPQ 801 2$bMiAaPQ 906 $aBOOK 912 $a9910783095903321 996 $aInspiring writing in art and design$93758878 997 $aUNINA